000 00292 a2200109 4500
001 50785
040 _cAnchieta - Pituba
240 1 0 _aElektronisches prüfungstraining
_l
245 1 0 _aElektronisches prüfungstraining
650 4 _aLínguas germânicas (teutônicas) língua alemã
942 _cMU
999 _c50785
_d50785